Juzgamiento con perspectiva de genero en materia indemnizatoria: (Registro nro. 6543)
[ vista simple ]
| 000 -LEADER | |
|---|---|
| fixed length control field | 01137nam a22003737a 4500 |
| 003 - CONTROL NUMBER IDENTIFIER | |
| control field | OSt |
| 005 - DATE AND TIME OF LATEST TRANSACTION | |
| control field | 20260506074801.0 |
| 007 - PHYSICAL DESCRIPTION FIXED FIELD--GENERAL INFORMATION | |
| fixed length control field | ta |
| 008 - FIXED-LENGTH DATA ELEMENTS--GENERAL INFORMATION | |
| fixed length control field | 260506s2025 ag ||||| |||| 00| 0 spa d |
| 020 ## - INTERNATIONAL STANDARD BOOK NUMBER | |
| International Standard Book Number | 9786316518569 |
| 040 ## - CATALOGING SOURCE | |
| Transcribing agency | cj catamarca |
| 082 ## - DEWEY DECIMAL CLASSIFICATION NUMBER | |
| Classification number | 342.56 G613 |
| 100 10 - MAIN ENTRY--PERSONAL NAME | |
| 9 (RLIN) | 329 |
| Personal name | Goggi, Carlos |
| Relator term | et al |
| 245 10 - TITLE STATEMENT | |
| Title | Juzgamiento con perspectiva de genero en materia indemnizatoria: |
| Remainder of title | analisis de datos censales 2021-2023 |
| 250 ## - EDITION STATEMENT | |
| Edition statement | 1º ed. |
| 260 ## - PUBLICATION, DISTRIBUTION, ETC. | |
| Place of publication, distribution, etc. | CABA: |
| Name of publisher, distributor, etc. | Editores del Sur, |
| Date of publication, distribution, etc. | 2025 |
| 300 ## - PHYSICAL DESCRIPTION | |
| Extent | 242 p. |
| Dimensions | 23 cm |
| 500 ## - GENERAL NOTE | |
| General note | INVENTARIO Nº 8174 |
| 650 #7 - SUBJECT ADDED ENTRY--TOPICAL TERM | |
| Source of heading or term | SAIJ |
| 653 ## - INDEX TERM--UNCONTROLLED | |
| Uncontrolled term | PERSPECTIVA-GENERO |
| 653 ## - INDEX TERM--UNCONTROLLED | |
| Uncontrolled term | IGUALDAD-LEY |
| 653 ## - INDEX TERM--UNCONTROLLED | |
| Uncontrolled term | DESIGUALDAD ESTRUCTURAL |
| 653 ## - INDEX TERM--UNCONTROLLED | |
| Uncontrolled term | PERSPECTIVA DE GENERO-SESGOS |
| 653 ## - INDEX TERM--UNCONTROLLED | |
| Uncontrolled term | PERSPECTIVA DE GENERO-DERECHO PRIVADO |
| 653 ## - INDEX TERM--UNCONTROLLED | |
| Uncontrolled term | MUJERES-DERECHOS |
| 653 ## - INDEX TERM--UNCONTROLLED | |
| Uncontrolled term | DAÑO RESARCIBLE |
| 653 ## - INDEX TERM--UNCONTROLLED | |
| Uncontrolled term | ECONOMIA-GENERO |
| 653 ## - INDEX TERM--UNCONTROLLED | |
| Uncontrolled term | TAREAS DE CUIDADO |
| 653 ## - INDEX TERM--UNCONTROLLED | |
| Uncontrolled term | ACCIONES POSITIVAS |
| 653 ## - INDEX TERM--UNCONTROLLED | |
| Uncontrolled term | GENERO-ESTEREOTIPO |
| 653 ## - INDEX TERM--UNCONTROLLED | |
| Uncontrolled term | LEYES-NEUTRALIDAD |
| 856 ## - ELECTRONIC LOCATION AND ACCESS | |
| Uniform Resource Identifier | <a href="https://drive.google.com/file/d/1DD9rMhry0QlmPkVdKdbek2UsuKH9pf7O/view?usp=sharing">https://drive.google.com/file/d/1DD9rMhry0QlmPkVdKdbek2UsuKH9pf7O/view?usp=sharing</a> |
| 942 ## - ADDED ENTRY ELEMENTS (KOHA) | |
| Source of classification or shelving scheme | Dewey Decimal Classification |
| Koha item type | Book |
| Suppress in OPAC | No |
| Withdrawn status | Lost status | Source of classification or shelving scheme | Damaged status | Not for loan | Home library | Current library | Date acquired | Source of acquisition | Total Checkouts | Full call number | Barcode | Date last seen | Price effective from | Koha item type |
|---|---|---|---|---|---|---|---|---|---|---|---|---|---|---|
| Dewey Decimal Classification | PJCB | PJCB | 05/06/2026 | Compra | 342.56 G613 | 8174 | 05/06/2026 | 05/06/2026 | Book |

